| 000 | 00513cam a2200169 a 4500 | ||
|---|---|---|---|
| 020 | _a0393057607 | ||
| 040 | _cDLC | ||
| 082 | _a944 W.W.N 2003 A103 Or. | ||
| 100 | 1 | _aDarnton, Robert. | |
| 245 | 1 | 0 |
_aGeorge Washington's false teeth : _ban unconventional guide to the eighteenth century / |
| 250 | _a1st ed. | ||
| 260 |
_aNew York : _bW.W. Norton, _cc2003. |
||
| 300 |
_axv, 208 p. : _bill. ; _c22 cm. |
||
| 650 | 0 | _aEnlightenment | |
| 856 | 4 | 1 | _uhttp://www.loc.gov/catdir/toc/fy041/2002044481.html |
| 942 | _cEK | ||
| 999 |
_c14293 _d14293 |
||